LEADER 05359nam 22011293u 450 001 9910783837503321 005 20230124182009.0 010 $a1-134-81610-3 010 $a1-280-40808-1 010 $a9786610408085 010 $a0-203-13815-5 035 $a(CKB)1000000000252989 035 $a(EBL)166083 035 $a(OCoLC)70763469 035 $a(SSID)ssj0000230046 035 $a(PQKBManifestationID)11187225 035 $a(PQKBTitleCode)TC0000230046 035 $a(PQKBWorkID)10177646 035 $a(PQKB)10854817 035 $a(MiAaPQ)EBC166083 035 $a(EXLCZ)991000000000252989 100 $a20130418d1995|||| u|| | 101 0 $aeng 135 $aur|n|---||||| 181 $ctxt 182 $cc 183 $acr 200 10$aPsychological Research$b[electronic resource] $eInnovative Methods and Strategies 210 $aHoboken $cTaylor and Francis$d1995 215 $a1 online resource (303 p.) 300 $aDescription based upon print version of record. 311 $a0-415-11789-5 327 $aBook Cover; Title; Contents; List of illustrations; List of contributors; Foreword; Introduction: contemporary psychological research: visions from positional standpoints John Haworth; Preface; Mental health, work and leisure John Haworth; Questionnaire measures of health-relevant cognitions and behaviours Mark Conner and Mitch Waterman; Large-scale questionnaire research on drivers Michelle Meadows and Stephen Stradling; Advanced uses of multiple regression: modelling mediated and moderated effects Ros Bramwell; A brief guide to cross-cultural psychological research Robin Goodwin; Preface 327 $aCulture, perception and cognition Tim IngoldHanging around and making something of it: ethnography John Bowers; Methodological considerations in observing mother infant interactions in natural settings E. Connors and S.M. Glenn; Systemic interviewing and attributional analysis applied to international broadcasting Peter Stratton; Constructing and deconstructing childhood: images of children and charity appeals Erica Burman; Discursive complexes in material culture Ian Parker; Preface; Methodological issues in hypnosis Graham F. Wagstaff 327 $aQualitative methods in cognitive psychology: illustrations from decision process research and environmental cognition Rob Ranyard and Janis WilliamsonRemembering in a social context: experimental methods for the evaluation of collaborative recall Peter R. Meudell; The case study method in cognitive neuropsychology J.R. Hanley; Will these instructions do? Methods and techniques for assessing written communication James Hartley; Index 330 $aStarting a research project, however large or small can be a daunting prospect. New researchers can be confronted with a huge number of options not only of topic, but of conceptual underpinning. It is quite possible to conduct research into say, memory, from a number of research traditions. Psychology also has links with several other disciplines and it is possible to utilise their techniques; the difficulty is quite simply the wide variety of methodological approaches that psychological research embraces. In this collection, authors have been recruited to explain a wide range of different 606 $aMethodology 606 $aPsychology 606 $aPsychology 606 $aResearch 606 $aPsychology$xMethodology$xResearch 606 $aInvestigative Techniques 606 $aBehavioral Sciences 606 $aInformation Science 606 $aHealth Care Evaluation Mechanisms 606 $aEpidemiologic Methods 606 $aResearch 606 $aPublic Health 606 $aScience 606 $aBehavioral Disciplines and Activities 606 $aQuality of Health Care 606 $aHealth Care Quality, Access, and Evaluation 606 $aNatural Science Disciplines 606 $aEnvironment and Public Health 606 $aHealth Care 606 $aData Collection 606 $aResearch Design 606 $aMethods 606 $aPsychology 606 $aSocial Sciences$2HILCC 606 $aPsychology$2HILCC 615 4$aMethodology. 615 4$aPsychology. 615 4$aPsychology. 615 4$aResearch. 615 0$aPsychology$xMethodology$xResearch 615 2$aInvestigative Techniques 615 2$aBehavioral Sciences 615 2$aInformation Science 615 2$aHealth Care Evaluation Mechanisms 615 2$aEpidemiologic Methods 615 2$aResearch 615 2$aPublic Health 615 2$aScience 615 2$aBehavioral Disciplines and Activities 615 2$aQuality of Health Care 615 2$aHealth Care Quality, Access, and Evaluation 615 2$aNatural Science Disciplines 615 2$aEnvironment and Public Health 615 2$aHealth Care 615 2$aData Collection 615 2$aResearch Design 615 2$aMethods 615 2$aPsychology 615 7$aSocial Sciences 615 7$aPsychology 676 $a150.72 676 $a150/.7/2 700 $aHaworth$b John$01526364 702 $aHaworth$b John T 801 0$bAU-PeEL 801 1$bAU-PeEL 801 2$bAU-PeEL 906 $aBOOK 912 $a9910783837503321 996 $aPsychological Research$93768372 997 $aUNINA LEADER 05960nam 22011294a 450 001 9910780375603321 005 20230607214106.0 010 $a1-282-35625-9 010 $a0-520-92638-2 010 $a9786612356254 010 $a1-59734-781-7 024 7 $a10.1525/9780520926387 035 $a(CKB)111087027177558 035 $a(EBL)223283 035 $a(OCoLC)475927520 035 $a(SSID)ssj0000214579 035 $a(PQKBManifestationID)11218229 035 $a(PQKBTitleCode)TC0000214579 035 $a(PQKBWorkID)10158045 035 $a(PQKB)10960582 035 $a(StDuBDS)EDZ0000056030 035 $a(MiAaPQ)EBC223283 035 $a(OCoLC)70740996 035 $a(MdBmJHUP)muse30779 035 $a(DE-B1597)520164 035 $a(DE-B1597)9780520926387 035 $a(Au-PeEL)EBL223283 035 $a(CaPaEBR)ebr10057110 035 $a(CaONFJC)MIL235625 035 $a(EXLCZ)99111087027177558 100 $a20010201d2001 ub 0 101 0 $aeng 135 $aurnn#---|u||u 181 $ctxt 182 $cc 183 $acr 200 10$aOn her own terms$b[electronic resource] $eAnnie Montague Alexander and the rise of science in the American West /$fBarbara R. Stein 210 $aBerkeley $cUniversity of California Press$dc2001 215 $a1 online resource (432 p.) 300 $aDescription based upon print version of record. 311 0 $a0-520-22726-3 320 $aIncludes bibliographical references (p. 322-358) and index. 327 $tFront matter --$tContents --$tIllustrations --$tAcknowledgments --$tIntroduction --$t1. Samuel Alexander And Henry Baldwin --$t2. Life In Oakland --$t3. A Passion For Paleontology --$t4. Africa, 1904 --$t5. Meeting C. Hart Merriam --$t6. Alaska, 1906 --$t7. Meeting Joseph Grinnell --$t7. Meeting Joseph Grinnell --$t9. An Unusual Collaboration --$t10. Louise And Prince William Sound --$t11. Support For Paleontology --$t12. Hearst, Sather, Flood --$t13. Innisfail Ranch --$t14. Vancouver Island And The Trinity Alps --$t15. The Team Of Alexander And Kellogg --$t16. From "A Friend Of The University" --$t17. Founding A Museum Of Paleontology --$t18. A Restless Decade --$t19. Europe, 1923 --$t20. The Temple Tour --$t21. The "Amoeba Treatment" --$t22. Fieldwork-The Later Years --$t23. Saline Valley --$t24. The End Of An Era --$t25. Hawaii-"My Only Real Home" --$t26. The Switch To Botany --$t27. Baja California-Tres Mujeres Sin Miedo --$t28. Investing In The Future --$t29. An Enduring Legacy --$tEpilogue --$tAppendix --$tNotes --$tIndex 330 $aAt a time when women could not vote and very few were involved in the world outside the home, Annie Montague Alexander (1867-1950) was an intrepid explorer, amateur naturalist, skilled markswoman, philanthropist, farmer, and founder and patron of two natural history museums at the University of California, Berkeley. Barbara R. Stein presents a luminous portrait of this remarkable woman, a pioneer who helped shape the world of science in California, yet whose name has been little known until now. Alexander's father founded a Hawaiian sugar empire, and his great wealth afforded his adventurous daughter the opportunity to pursue her many interests. Stein portrays Alexander as a complex, intelligent, woman who--despite her frail appearance--was determined to achieve something with her life. Along with Louise Kellogg, her partner of forty years, Alexander collected thousands of animal, plant, and fossil specimens throughout western North America. Their collections serve as an invaluable record of the flora and fauna that were beginning to disappear as the West succumbed to spiraling population growth, urbanization, and agricultural development. Today at least seventeen taxa are named for Alexander, and several others honor Kellogg, who continued to make field trips after Alexander's death. Alexander's dealings with scientists and her encouragement--and funding--of women to do field research earned her much admiration, even from those with whom she clashed. Stein's extensive use of archival material, including excerpts from correspondence and diaries, allows us to see Annie Alexander as a keen observer of human nature who loved women and believed in their capabilities. Her legacy endures in the fields of zoology and paleontology and also in the lives of women who seek to follow their own star to the fullest degree possible. 606 $aZoologists$zUnited States$vBiography 610 $aadventure. 610 $aamerican west. 610 $aannie montague alexander. 610 $aberkeley. 610 $abiography. 610 $acalifornia. 610 $aconservation. 610 $aenvironment. 610 $aexplorer. 610 $aextinction. 610 $afemale scientists. 610 $afeminism. 610 $afield research. 610 $afossils. 610 $agender. 610 $ahawaii. 610 $ahistorical women. 610 $ahistory. 610 $alesbian. 610 $algbt. 610 $algbtqia. 610 $alouise kellogg. 610 $amarkswoman. 610 $anatural history museum. 610 $anaturalist. 610 $anonfiction. 610 $aold west. 610 $apaleontology. 610 $aphilanthropist. 610 $apioneer. 610 $aradical women. 610 $asugar empire. 610 $athe west. 610 $atravel. 610 $aurbanization. 610 $awomen and science. 610 $awomen in history. 610 $awomen in science. 610 $awomen in stem. 610 $awomens studies. 610 $azoology. 615 0$aZoologists 676 $a570/.92 676 $aB 700 $aStein$b Barbara R.$f1955-$01558087 801 0$bMiAaPQ 801 1$bMiAaPQ 801 2$bMiAaPQ 906 $aBOOK 912 $a9910780375603321 996 $aOn her own terms$93822207 997 $aUNINA